00804nam a2200205 a 4500001001000000003000900010005001700019008004100036040002500077082002400102100001900126245011000145260004800255300002800303500002100331500006300352504007300415651004600488651006400534000004301DO-SdBNP20231109090821.0231109b |||||||| |||| 00| 0 spa d aDO-SdBNPbspacBNPHU 4a330.9729bM375c2221 aMarte, Roberto10aCuba y la República Dominicana :btransición económica en el Caribe del siglo XIX /cRoberto Marte. aSanto Dimingo :bUniversidad APEC,c[1988]. a439 p. :bil. ;c22 cm. aIncluye índice aIncluye datos biográficos del autor en la contracubierta aIncluye referencias bibliográficas y notas al pie de las páginas 4aCubaxCondiciones económicasySiglo XIX 4aRepública DominicanaxCondiciones económicasySiglo XIX